House owners' log books (Record no. 64651)

MARC details
000 -LEADER
fixed length control field 00828cam a2200193 4500
001 - CONTROL NUMBER
control field WB3636-13
008 - FIXED-LENGTH DATA ELEMENTS--GENERAL INFORMATION
fixed length control field 000000n2000 000 0 eng u
035 ## - SYSTEM CONTROL NUMBER
System control number (Sirsi) u108295
245 ## - TITLE STATEMENT
Title House owners' log books
260 ## - PUBLICATION, DISTRIBUTION, ETC.
Date of publication, distribution, etc. 2000
490 ## - SERIES STATEMENT
Series statement Sunday Telegraph
Volume/sequential designation 10 September 2000, 19(1)
520 ## - SUMMARY, ETC.
Summary, etc. With the government's seller's pack not due to be introduced until early 2003, urges house owners to keep a detailed log about their houses, as these can be a persuasive marketing tool when they come to sell. Considers some of the special books available on the market, which provide a prompt about the type of information house owners should be gathering.
590 ## - LOCAL NOTE (RLIN)
Local note WB
650 ## - SUBJECT ADDED ENTRY--TOPICAL TERM
Topical term or geographic name entry element SELLERS PACKS
650 ## - SUBJECT ADDED ENTRY--TOPICAL TERM
Topical term or geographic name entry element MAINTAIN AND INSURE POLICIES
650 ## - SUBJECT ADDED ENTRY--TOPICAL TERM
Topical term or geographic name entry element PROPERTY LOG BOOKS
690 ## - LOCAL SUBJECT ADDED ENTRY--TOPICAL TERM (OCLC, RLIN)
Topical term or geographic name as entry element HOUSING
942 ## - ADDED ENTRY ELEMENTS (KOHA)
Suppress in OPAC 0
Holdings
Withdrawn status Lost status Source of classification or shelving scheme Damaged status Not for loan Home library Current library Shelving location Date acquired Total Checkouts Full call number Barcode Date last seen Copy number Price effective from Koha item type
    Dewey Decimal Classification     London London News article 12/09/2000   WB3636-13 108295-1001 06/08/2019 1 06/08/2019 News article